Sólisti totálne sklamali Bodka za Košickou hudobnou jarou

Podrobná bibliografia
Hlavný autor: Skřepek, Roman, 1931-2001 (Autor)
Médium: Článok
Jazyk:slovenčina
Predmet:

MARC

LEADER 00000nab a2200000 a 4500
001 vtls000893075
003 SK-MaSNL
005 20260304015008.0
008 040720e19950614xo 0 slo
035 |a KE2110 
040 |a KEVKJB  |b slo  |c KEVKJB  |e AACR2 
041 0 |a slo 
044 |a xo  |c SK 
080 |a 78.091.4  |2 1981 
100 1 |a Skřepek, Roman,  |d 1931-2001  |4 aut  |9 250883 
245 1 0 |a Sólisti totálne sklamali  |b Bodka za Košickou hudobnou jarou 
611 2 7 |a Košická hudobná jar  |n (40. :  |d 1995 :  |c Košice, Slovensko)  |2 snkbucl  |9 887074 
651 7 |a Košice (Slovensko)  |2 KEVKJB  |9 18694 
773 0 8 |t Košický večer  |g Roč. 6  |g Roč. 28, č.114, 14.6.1995, s. 3 
852 |a ZVYKNI  |b KIS3GCP 
999 |c 2588939  |d 2590869